[Event "US Open-111"]
[Site "Irvine"]
[Date "2010.08.06"]
[Round "?"]
[White "Mandelkern, Jeremy"]
[Black "Botez, Alexandra"]
[Result "0-1"]
[WhiteElo "2141"]
[BlackElo "1974"]
[PlyCount "78"]
[EventDate "2010.07.31"]
[EventType "swiss"]
[EventRounds "9"]
[EventCountry "USA"]
[SourceTitle "CBM 137 Extra"]
[Source "ChessBase"]
[SourceDate "2010.09.01"]
[SourceVersion "1"]
[SourceVersionDate "2010.09.01"]
[SourceQuality "1"]

1. d4 Nf6 2. Nf3 d6 3. c4 g6 4. Nc3 Bg7 5. g3 0-0 6. Bg2 c6 7. 0-0 Bf5 8. Nh4 Be6 9. d5 cxd5 10. cxd5 Bd7 11. Qb3 Qc8 12. Bd2 Na6 13. Rac1 Nc5 14. Qa3 a5 15. Ne4 Nfxe4 16. Bxe4 b5 17. Rc2 Qb7 18. Bg2 b4 19. Qe3 Bf6 20. b3 a4 21. Rc4 Na6 22. bxa4 Bxa4 23. Rb1 Qb5 24. Rcc1 Rfc8 25. Be4 Rc5 26. Nf3 Rxc1+ 27. Rxc1 Nc5 28. Nd4 Bxd4 29. Qxd4 b3 30. Bh6 f6 31. Bb1 Qxe2 32. axb3 Bxb3 33. Be3 Ra4 34. Qc3 Rc4 35. Qe1 Rxc1 36. Qxc1 Bxd5 37. Bh6 Qf3 38. Kf1 Qh1+ 39. Ke2 Bf3+ 0-1